000 00252nam a2200097Ia 4500
008 240331s9999 xx 000 0 und d
082 _bFER
100 _aFernando, B
245 0 _aPower conscience :
_bthe excommunication of Dr. Tissa Balasuriya
942 _cL
999 _c1347
_d1347